Legendes de Babylone et de Canaan /

محفوظ في:

المؤلف الرئيسي: Virolleaud, Charles, 1879-1968.

التنسيق: كتاب

اللغة: French

منشور في: Paris : Depot Libre A. Maisonneuve, [1949].

سلاسل: L'Orient ancien illustré ; 1.

الموضوعات:

الوسوم: إضافة وسم

لا توجد وسوم, كن أول من يضع وسما على هذه التسجيلة!

رقم الطلب: BL1600 .V5 1949

LEADER 00645cam a22002171 4500
001 ocm04954218
003 OSt
005 20250915075410.0
008 790511s1949 fr ab 000 0 fre
010 |a  49052786  
040 |c ARCE Library 
050 4 |a BL1600 .V5 1949 
100 1 |a Virolleaud, Charles,  |d 1879-1968. 
245 1 0 |a Legendes de Babylone et de Canaan /  |c Charles Virolleaud. 
260 |a Paris :  |b Depot Libre A. Maisonneuve,  |c [1949]. 
300 |a 124 pages :   |b illustrations, maps ;   |c 20 cm. 
490 0 |a L'Orient ancien illustré ;   |v 1. 
650 0 |a Mythology, Semitic. 
901 |a reviewed 
942 |2 lcc  |c BK 
999 |c 57200  |d 57200